书目信息 |
| 题名: |
实用句型日语教程
|
|
| 作者: | ;沈国威 , 张大诚 编译 ;日本筑波大学对外日语教育研究会 编 | |
| 分册: | ||
| 出版信息: | 北京 北京出版社 1986 |
|
| 页数: | 606页 | |
| 开本: | 20cm | |
| 丛书名: | ||
| 单 册: | ||
| 中图分类: | H36 | |
| 科图分类: | ||
| 主题词: | 句型-日语--教材 , 日语 , 日语-句型--教材 | |
| 电子资源: | ||
| ISBN: | ||
| 000 | 00928nam0 2200277 45 | |
| 001 | 0186016164 | |
| 005 | 20051206161249.46 | |
| 010 | @dCNY3.60 | |
| 091 | @a7071.1114 | |
| 100 | @a19900813d1986 km y0chiy0121 ea | |
| 101 | 2 | @achi@ajpn |
| 102 | @aCN@b110000 | |
| 105 | @ay z 000yy | |
| 200 | 10 | @a实用句型日语教程@Ashi yong ju xing ri yu jiao cheng@f日本筑波大学对外日语教育研究会编@Fri ben zhu bo da xue dui wai ri yu jiao yu yan jiu hui bian@g张大诚,沈国威编译 |
| 210 | @a北京@c北京出版社@d1986 | |
| 215 | @a606页@d20cm | |
| 606 | @a句型-日语@x教材 | |
| 606 | 0 | @a日语 |
| 606 | @a日语-句型@x教材 | |
| 690 | @aH36 | |
| 702 | 0 | @a沈国威@AShen Guo Wei@4编译 |
| 702 | 0 | @a张大诚@AZhang Da Cheng@4编译 |
| 711 | 02 | @a日本筑波大学对外日语教育研究会@Ari ben zhu bo da xue dui wai ri yu jiao yu yan jiu hui@4编 |
| 801 | 2 | @aCN@bNLC@c20051206 |
| 801 | 0 | @aCN@b深圳图书馆@c20040510 |
| 905 | @f4@b155716-719@dH36@e128 | |
| 实用句型日语教程/日本筑波大学对外日语教育研究会编/张大诚,沈国威编译.-北京:北京出版社,1986 |
| 606页;20cm |
| ISBN :CNY3.60 |
| ● |
| 相关链接 |
|
|
|
|
正题名:实用句型日语教程
索取号:H36/128
 
预约/预借
| 序号 | 登录号 | 条形码 | 馆藏地/架位号 | 状态 | 备注 |
| 1 | 0155716 | 001152898 | 第四借阅区/ [索取号:H36/128] | 在馆 | |
| 2 | 0155717 | 001152889 | 第四借阅区/ [索取号:H36/128] | 在馆 | |
| 3 | 0155718 | 001152861 | 第四借阅区/ [索取号:H36/128] | 在馆 | |
| 4 | 0155719 | 001152852 | 第四借阅区/ [索取号:H36/128] | 在馆 | |
| 5 | 0155720 | 001152870 | 第二样本阅览室/ [索取号:H36/128] | 在馆 | |
| 6 | 0212286 | 202156549 | 密集书库/ [索取号:H36/128] | 在馆 | |
| 7 | 0212287 | 202156530 | 密集书库/ [索取号:H36/128] | 在馆 | |
| 8 | 0212288 | 202156521 | 密集书库/ [索取号:H36/128] | 在馆 |